[Event "21st European Teams Women"]
[Site "Hersonissos GRE"]
[Date "2017.11.03"]
[Round "6.3"]
[Board "4"]
[White "Isgandarova, Khayala"]
[Black "Gueci, Tea"]
[Result "1/2-1/2"]
[WhiteTitle "WIM"]
[BlackTitle "WFM"]
[WhiteElo "2242"]
[BlackElo "2161"]
[WhiteTeam "Turkey"]
[BlackTeam "Italy"]
[WhiteFideId "13401823"]
[BlackFideId "872342"]
[EventDate "2017.10.28"]

1. e4 c5 2. Nf3 e6 3. d4 cxd4 4. Nxd4 Nf6 5. Bd3 Nc6 6. Nxc6 bxc6 7. c4 d5 8.
cxd5 cxd5 9. exd5 Qxd5 10. Qf3 Qxf3 11. gxf3 Bb7 12. Bb5+ Ke7 13. Ke2 Nd5 14.
Bd2 f6 15. Nc3 Kf7 16. Rac1 Nxc3+ 17. Rxc3 Bd6 18. Rd3 Bd5 19. Rc1 Rhc8 20. Bc6
Bxc6 21. Rxd6 Bb5+ 22. Ke1 Rxc1+ 23. Bxc1 Rc8 24. Kd1 Rc4 25. b3 Rc3 26. Be3 a6
27. Kd2 Rc6 28. Rxc6 Bxc6 29. f4 Kg6 30. Bc5 Kf5 31. Ke3 Kg4 32. Bf8 Kh3 33.
Bxg7 f5 34. f3 Kg2 35. h4 Bxf3 36. b4 Kg3 37. Bf6 Bd5 38. a3 Bb3 39. h5 Kg4 40.
h6 Kh5 41. Bg7 Kg4 42. Bf8 Ba4 43. Be7 Kh5 44. Bf8 Kg4 45. Bg7 Bb3 46. Be5 Kh5
47. Bg7 1/2-1/2

[Event "21st European Teams Women"]
[Site "Hersonissos GRE"]
[Date "2017.11.03"]
[Round "6.4"]
[Board "1"]
[White "Vega Gutierrez, Sabrina"]
[Black "Ziaziulkina, Nastassia"]
[Result "1-0"]
[WhiteTitle "IM"]
[BlackTitle "IM"]
[WhiteElo "2405"]
[BlackElo "2369"]
[WhiteTeam "Spain"]
[BlackTeam "Belarus"]
[WhiteFideId "2219026"]
[BlackFideId "13505211"]
[EventDate "2017.10.28"]

1. e4 c5 2. Nf3 d6 3. d4 cxd4 4. Nxd4 Nf6 5. Nc3 a6 6. Bg5 e6 7. f4 h6 8. Bh4
Qb6 9. a3 Be7 10. Bf2 Qc7 11. Qf3 Nbd7 12. O-O-O b5 13. g4 g5 14. Bg2 Rb8 15. h4
h5 16. hxg5 Nxg4 17. Be1 Qc4 18. Bf1 Qc5 19. Nce2 Bb7 20. Bb4 Nde5 21. Qg3 Qc7
22. fxe5 dxe5 23. Nc3 Bxb4 24. axb4 Rc8 25. Nxe6 fxe6 26. Qxg4 hxg4 27. Rxh8+
Kf7 28. Rh7+ Kg6 29. Rxc7 Rxc7 30. Be2 Kxg5 31. Rg1 Kf6 32. Rxg4 Rd7 33. Rg8 Rd4
34. Bd3 Rd7 35. Kd2 Rh7 36. Ne2 Rh4 37. Ke3 Rh3+ 38. Rg3 Rh1 39. Ng1 Rh8 40. Nf3
Bc6 41. Rg5 Rh3 42. Rg8 Bb7 43. Rf8+ Ke7 44. Rb8 Bc6 45. Rb6 1-0

[Event "21st European Teams Women"]
[Site "Hersonissos GRE"]
[Date "2017.11.03"]
[Round "6.4"]
[Board "2"]
[White "Badelka, Olga"]
[Black "Garcia Martin, Marta"]
[Result "1-0"]
[WhiteTitle "WIM"]
[BlackTitle "FM"]
[WhiteElo "2353"]
[BlackElo "2315"]
[WhiteTeam "Belarus"]
[BlackTeam "Spain"]
[WhiteFideId "13509926"]
[BlackFideId "32084030"]
[EventDate "2017.10.28"]

1. d4 Nf6 2. c4 e6 3. Nc3 Bb4 4. Qc2 O-O 5. a3 Bxc3+ 6. Qxc3 b6 7. Bg5 Bb7 8. e3
d6 9. Ne2 Nbd7 10. Qc2 c5 11. Rd1 Qe7 12. Nc3 cxd4 13. Rxd4 h6 14. Bh4 Rfd8 15.
Be2 Ne5 16. O-O Rac8 17. Rfd1 Rd7 18. Nb5 Rcd8 19. Bg3 Ne8 20. Nxa7 Ng6 21. Nb5
f5 22. R4d2 Nh4 23. f3 Ng6 24. Qb3 h5 25. Nd4 h4 26. Be1 f4 27. e4 Ne5 28. c5 d5
29. Qxb6 dxe4 30. c6 Rxd4 31. cxb7 Rxd2 32. Rxd2 Rb8 33. Qd4 e3 34. Rc2 Qf6 35.
Bc3 Ng6 36. Qe4 Qf7 37. Bd3 Nf8 38. Be5 Rxb7 39. Qxf4 Qxf4 40. Bxf4 Rd7 41. Be2
Nf6 42. Bxe3 Nd5 43. Bc1 Kf7 44. b4 e5 45. Bb5 Rd8 46. Bg5 Rd6 47. Rc6 1-0

[Event "21st European Teams Women"]
[Site "Hersonissos GRE"]
[Date "2017.11.03"]
[Round "6.4"]
[Board "3"]
[White "Matnadze, Ana"]
[Black "Revo, Tatiana"]
[Result "1-0"]
[WhiteTitle "IM"]
[BlackTitle "WFM"]
[WhiteElo "2368"]
[BlackElo "2097"]
[WhiteTeam "Spain"]
[BlackTeam "Belarus"]
[WhiteFideId "13601377"]
[BlackFideId "13506480"]
[EventDate "2017.10.28"]

1. Nf3 Nf6 2. d4 g6 3. g3 Bg7 4. Bg2 d6 5. O-O O-O 6. c4 Nc6 7. Nc3 a6 8. b3 Rb8
9. Bd2 e5 10. d5 Ne7 11. e4 b5 12. cxb5 axb5 13. a3 c6 14. dxc6 Nxc6 15. Bg5 b4
16. Nd5 bxa3 17. Rxa3 Nb4 18. Nxf6+ Bxf6 19. Bh6 Bg7 20. Qd2 Bg4 21. Rc1 Bxh6
22. Qxh6 Bxf3 23. Bxf3 Nd3 24. Rb1 Qb6 25. Qd2 Qb4 26. Ra2 Qd4 27. Bd1 Rfc8 28.
Rba1 Qc3 29. h4 Rb4 30. h5 Nc1 31. Qxc3 Rxc3 32. Ra4 Nxb3 33. Rxb4 Nxa1 34. Rb1
Ra3 35. h6 Kf8 36. Kf1 Ra2 37. Rc1 Ra3 38. Rb1 Ra2 39. Rc1 Ra3 40. Ke1 Ra2 41.
Rc4 Ke7 42. Rc6 Kd7 43. Rc1 d5 44. exd5 Kd6 45. g4 Kxd5 46. Rc7 Ke6 47. Rc6+ Ke7
48. g5 Kd7 49. Rf6 Ke7 50. Rc6 Rb2 51. Rc7+ Ke6 52. Bg4+ f5 53. Bd1 f4 54. Bg4+
Kd5 55. Rxh7 Ke4 56. Rc7 Nb3 57. h7 f3 58. Bxf3+ Kxf3 59. Rc3+ 1-0

[Event "21st European Teams Women"]
[Site "Hersonissos GRE"]
[Date "2017.11.03"]
[Round "6.4"]
[Board "4"]
[White "Ilyuchyk, Yana"]
[Black "Calzetta Ruiz, Monica"]
[Result "0-1"]
[BlackTitle "WGM"]
[WhiteElo "1992"]
[BlackElo "2218"]
[WhiteTeam "Belarus"]
[BlackTeam "Spain"]
[WhiteFideId "13508407"]
[BlackFideId "2204185"]
[EventDate "2017.10.28"]

1. e4 c5 2. Nf3 Nc6 3. d4 cxd4 4. Nxd4 Nf6 5. Nc3 e6 6. Nxc6 bxc6 7. e5 Nd5 8.
Ne4 Qc7 9. f4 Qa5+ 10. c3 Be7 11. Bd3 Ba6 12. O-O Bxd3 13. Qxd3 f5 14. Nf2 Rb8
15. c4 Nb4 16. Qd1 c5 17. Bd2 Qc7 18. Bxb4 cxb4 19. Qh5+ g6 20. Qe2 O-O 21. b3
a5 22. Rad1 Qa7 23. Rd3 a4 24. Rfd1 Rb7 25. Kf1 axb3 26. axb3 Bc5 27. Nh3 Rf7
28. Ng5 Re7 29. h4 Qa5 30. h5 Ra7 31. Qf3 Bb6 32. Ke2 Qc5 33. R3d2 gxh5 34. Rh1
h6 35. Nh3 Rg7 36. Nf2 Ra3 37. Nd3 Qc6 38. Ne1 Qxf3+ 39. gxf3 Rxb3 40. Rxh5 Re3+
41. Kf1 b3 42. Rhh2 Ba5 43. Rde2 Rc3 44. Rb2 Rc1 45. Rhe2 Bb6 46. Rf2 Bxf2 47.
Kxf2 h5 48. Rxb3 h4 49. Rb2 h3 50. Kf1 Rxe1+ 0-1

[Event "21st European Teams Women"]
[Site "Hersonissos GRE"]
[Date "2017.11.03"]
[Round "6.5"]
[Board "1"]
[White "Mammadzada, Gunay"]
[Black "Bulmaga, Irina"]
[Result "1/2-1/2"]
[WhiteTitle "WGM"]
[BlackTitle "IM"]
[WhiteElo "2393"]
[BlackElo "2423"]
[WhiteTeam "Azerbaijan"]
[BlackTeam "Romania"]
[WhiteFideId "13403729"]
[BlackFideId "13903063"]
[EventDate "2017.10.28"]

1. e4 c5 2. Nf3 Nc6 3. d4 cxd4 4. Nxd4 e5 5. Nb5 d6 6. c4 Be7 7. N1c3 a6 8. Na3
Be6 9. Be2 Nf6 10. Nc2 O-O 11. O-O Rc8 12. Qd3 Nd4 13. Nxd4 Bxc4 14. Qd1 exd4
15. Qxd4 Bxe2 16. Nxe2 Re8 17. Nc3 b5 18. Bd2 Qd7 19. Rfe1 Qb7 20. a3 h6 21. Re3
Bd8 22. Qd3 Bb6 23. Re2 Re6 24. Rae1 Rce8 25. h3 Kh8 26. Kh1 Qc8 27. b3 Bc5 28.
b4 Bb6 29. Be3 Bxe3 30. Rxe3 Qb7 31. Qd4 Qc7 32. Rd1 Qc6 33. f3 Qb7 34. Ne2 Rc8
35. Rc3 Rxc3 36. Qxc3 Qb6 37. Nd4 Re5 38. Nf5 Re6 39. Nd4 Re5 40. Nc6 Re6 41.
Nd4 1/2-1/2

[Event "21st European Teams Women"]
[Site "Hersonissos GRE"]
[Date "2017.11.03"]
[Round "6.5"]
[Board "2"]
[White "Peptan, Corina-Isabela"]
[Black "Mamedjarova, Zeinab"]
[Result "0-1"]
[WhiteTitle "IM"]
[BlackTitle "WGM"]
[WhiteElo "2399"]
[BlackElo "2298"]
[WhiteTeam "Romania"]
[BlackTeam "Azerbaijan"]
[WhiteFideId "1201930"]
[BlackFideId "13401521"]
[EventDate "2017.10.28"]

1. c4 e6 2. Nc3 d5 3. d4 f5 4. Nf3 Nf6 5. Bf4 c6 6. e3 Be7 7. h3 O-O 8. Bd3 a5
9. Rc1 Na6 10. O-O Nb4 11. Be2 dxc4 12. Bxc4 Nbd5 13. Bh2 b6 14. Ne5 Bb7 15. Bb3
c5 16. Nb5 Kh8 17. a4 Ne4 18. Qe2 Bg5 19. Nf3 Bf6 20. Bxd5 Bxd5 21. Bc7 Qe8 22.
Bxb6 Qg6 23. Nc7 Bc6 24. Nxe6 Rfe8 25. Nf4 Qh6 26. Nd3 Ng5 27. Nxg5 Qxg5 28. Ne1
Bxd4 29. Bxc5 Bf6 30. Rc4 Rab8 31. Bd4 Bd5 32. Rc5 Bxg2 33. Nxg2 Bxd4 34. Rb5
Bf6 35. Rd1 Rxb5 36. Qxb5 Qh5 37. Rd5 Ra8 38. Kh2 Qf7 39. Rxf5 Qc7+ 40. f4 Qc2
41. Rc5 Qd2 42. Qb7 Rd8 43. Rc8 h6 44. b3 Rxc8 45. Qxc8+ Kh7 46. Qf5+ Kh8 47.
Kg3 Bc3 48. Qc5 Kh7 49. Qc4 Bf6 50. Qe4+ Kh8 51. Qf3 Bc3 52. Qa8+ Kh7 53. Qe4+
Kh8 54. Nh4 Qe1+ 55. Kg4 Qd1+ 56. Qf3 Qxb3 57. Qa8+ Kh7 58. Qe4+ Kg8 59. Qd3
Qe6+ 60. f5 Qc6 61. e4 Kh7 62. Ng6 Bf6 63. e5 Qg2+ 64. Qg3 h5+ 65. Kf4 Bg5+ 66.
Qxg5 Qd2+ 67. Ke4 Qxg5 68. e6 Qg2+ 69. Ke5 Qc6 70. h4 Qxa4 71. Kd6 Qe8 72. Ne5
Qf8+ 73. e7 Qf6+ 0-1

[Event "21st European Teams Women"]
[Site "Hersonissos GRE"]
[Date "2017.11.03"]
[Round "6.5"]
[Board "3"]
[White "Fataliyeva, Ulviyya"]
[Black "Cosma, Elena-Luminita"]
[Result "0-1"]
[WhiteTitle "WIM"]
[BlackTitle "WGM"]
[WhiteElo "2348"]
[BlackElo "2333"]
[WhiteTeam "Azerbaijan"]
[BlackTeam "Romania"]
[WhiteFideId "13403052"]
[BlackFideId "1201590"]
[EventDate "2017.10.28"]

1. e4 e6 2. Qe2 c5 3. Nf3 Nc6 4. g3 Be7 5. Bg2 e5 6. c3 Nf6 7. d4 cxd4 8. cxd4
exd4 9. O-O O-O 10. Rd1 Bc5 11. b4 d3 12. Rxd3 Nxb4 13. Rc3 b6 14. Nh4 d5 15. a3
Ba6 16. Qd2 Nc6 17. exd5 Nd4 18. Bb2 Nxd5 19. Rd3 Bxd3 20. Qxd3 Rc8 21. Nd2 Nf6
22. Rd1 Ne6 23. Qe2 Nd4 24. Qd3 Ne6 25. Qe2 Be7 26. Ne4 Qc7 27. Nf5 Nxe4 28.
Bxe4 Rfd8 29. Rxd8+ Qxd8 30. Qh5 g6 31. Nh6+ Kf8 32. Qe5 Bg5 33. Qh8+ Ke7 34.
Qxh7 Qd1+ 35. Kg2 Bxh6 36. Qxh6 Qg4 37. Qe3 Qh5 38. a4 Kf8 39. h4 Rd8 40. Bf3
Qf5 41. Qh6+ Ke7 42. Ba3+ Nc5 43. Qe3+ Kf8 44. g4 Qf6 45. h5 gxh5 46. gxh5 Rd6
47. Bxc5 bxc5 48. Qxc5 Qg7+ 49. Kh3 Qd4 50. Qc8+ Kg7 51. Kg2 Rf6 52. Qc1 Qe5 53.
Qd2 Rf4 54. Qd3 Rxa4 55. Bd1 Qg5+ 56. Kf1 Rf4 57. Qc3+ Rf6 58. Qd4 a5 59. Qe4
Qf4 60. Qg2+ Kh6 61. Ke1 a4 62. f3 Re6+ 63. Be2 Qc1+ 64. Kf2 Rxe2+ 65. Kxe2 Qc2+ 0-1

[Event "21st European Teams Women"]
[Site "Hersonissos GRE"]
[Date "2017.11.03"]
[Round "6.5"]
[Board "4"]
[White "Sandu, Mihaela"]
[Black "Balajayeva, Khanim"]
[Result "1-0"]
[WhiteTitle "WGM"]
[BlackTitle "WFM"]
[WhiteElo "2278"]
[BlackElo "2319"]
[WhiteTeam "Romania"]
[BlackTeam "Azerbaijan"]
[WhiteFideId "1204327"]
[BlackFideId "13406396"]
[EventDate "2017.10.28"]

1. e4 e5 2. Nf3 Nc6 3. Bc4 Bc5 4. d3 Nf6 5. O-O d6 6. c3 a6 7. Bb3 Ba7 8. Nbd2
h6 9. Re1 O-O 10. Nf1 Be6 11. Bc2 Re8 12. Ng3 d5 13. exd5 Nxd5 14. h3 Qd6 15.
Nh4 Qe7 16. Nf3 Rad8 17. Bd2 Qd6 18. Qe2 Nf4 19. Bxf4 exf4 20. Nf1 Bd7 21. Qd2
Bf5 22. d4 Bxc2 23. Qxc2 Ne7 24. N1d2 Ng6 25. Qf5 Kf8 26. Nc4 Rxe1+ 27. Rxe1 Qd7
28. Qxd7 Rxd7 29. Nce5 Nxe5 30. Nxe5 Re7 31. b4 c6 32. Kf1 Bb8 33. Nd3 Bd6 34.
a4 g5 35. a5 f6 36. Rxe7 Kxe7 37. f3 Kd7 38. Ke2 Kc7 39. Nb2 Be7 40. Nc4 Kd7 41.
Kd3 Ke6 42. Nb2 Kd5 43. Na4 f5 44. Nc5 Bxc5 45. bxc5 Ke6 46. c4 Kf6 47. d5 Ke5
48. d6 Kf6 49. Kd4 Ke6 50. d7 Kxd7 51. Ke5 Ke7 52. Kxf5 Kf7 53. h4 gxh4 54. Kxf4
Kf6 55. Ke4 Ke6 56. f4 Kf6 57. f5 Kf7 58. Ke5 Ke7 59. f6+ Kf7 60. Kf5 h5 61. Ke5
Kf8 62. Ke6 Ke8 63. f7+ 1-0

[Event "21st European Teams Women"]
[Site "Hersonissos GRE"]
[Date "2017.11.03"]
[Round "6.6"]
[Board "1"]
[White "Danielian, Elina"]
[Black "Hoang, Thanh Trang"]
[Result "1-0"]
[WhiteTitle "GM"]
[BlackTitle "GM"]
[WhiteElo "2415"]
[BlackElo "2438"]
[WhiteTeam "Armenia"]
[BlackTeam "Hungary"]
[WhiteFideId "13300210"]
[BlackFideId "12400149"]
[EventDate "2017.10.28"]

1. Nf3 f5 2. d3 Nc6 3. d4 e6 4. c4 Nf6 5. a3 d6 6. b4 g6 7. Bb2 Bg7 8. e3 O-O 9.
Nc3 e5 10. d5 Ne7 11. c5 h6 12. Bc4 Kh8 13. h4 Ng4 14. Qe2 a6 15. O-O-O b5 16.
Ba2 dxc5 17. bxc5 Rb8 18. Ng5 Qe8 19. d6 cxd6 20. Rxd6 a5 21. Bf7 Rxf7 22. Rd8
Rf8 23. Rxe8 Rxe8 24. Nf7+ Kg8 25. Nd6 Rd8 26. Ncxb5 Ba6 27. a4 Nc6 28. h5 gxh5
29. Rxh5 Nf6 30. Rxf5 Ne8 31. Qc4+ Kh7 32. Nxe8 Rxe8 33. Qe4 Kh8 34. Qxc6 Bxb5
35. axb5 Rec8 36. Qd6 Rxb5 37. Rxe5 a4 38. Re8+ Rxe8 39. Qxh6+ 1-0

[Event "21st European Teams Women"]
[Site "Hersonissos GRE"]
[Date "2017.11.03"]
[Round "6.6"]
[Board "2"]
[White "Lazarne Vajda, Szidonia"]
[Black "Mkrtchian, Lilit"]
[Result "1/2-1/2"]
[WhiteTitle "IM"]
[BlackTitle "IM"]
[WhiteElo "2364"]
[BlackElo "2390"]
[WhiteTeam "Hungary"]
[BlackTeam "Armenia"]
[WhiteFideId "723894"]
[BlackFideId "13300601"]
[EventDate "2017.10.28"]

1. d4 Nf6 2. Nf3 e6 3. g3 c5 4. Bg2 cxd4 5. Nxd4 d5 6. c4 e5 7. Nb3 d4 8. O-O
Nc6 9. e3 Bg4 10. Qd2 d3 11. Nc3 Be6 12. Nd5 Nxd5 13. cxd5 Bxd5 14. Qxd3 Bxg2
15. Qxd8+ Rxd8 16. Kxg2 a5 17. Nd2 Bb4 18. Nb1 e4 19. a3 Be7 20. Nc3 f5 21. Rd1
Rxd1 22. Nxd1 Kf7 23. Bd2 Bf6 24. Kf1 Rd8 25. Ke2 Rd5 26. Rc1 Ke6 27. b4 axb4
28. axb4 Rb5 29. f3 exf3+ 30. Kxf3 Kd7 31. Nf2 Be7 32. Nd3 Ne5+ 33. Nxe5+ Rxe5
34. Bc3 Rxe3+ 35. Kxe3 Bg5+ 36. Kd3 Bxc1 37. Bxg7 Kc6 38. Kc4 b5+ 39. Kd3 Kd5
40. Bc3 Bg5 41. Be1 Bf6 42. Bf2 Be7 43. Be1 Bd6 44. Bd2 Be5 45. Be3 Bd6 46. Bd2
h5 47. Be1 Be5 48. Bf2 1/2-1/2

[Event "21st European Teams Women"]
[Site "Hersonissos GRE"]
[Date "2017.11.03"]
[Round "6.6"]
[Board "3"]
[White "Kursova, Maria"]
[Black "Gara, Anita"]
[Result "1-0"]
[WhiteTitle "WGM"]
[BlackTitle "IM"]
[WhiteElo "2259"]
[BlackElo "2382"]
[WhiteTeam "Armenia"]
[BlackTeam "Hungary"]
[WhiteFideId "4129709"]
[BlackFideId "709751"]
[EventDate "2017.10.28"]

1. d4 Nf6 2. Nf3 g6 3. c4 Bg7 4. g3 O-O 5. Bg2 d6 6. Nc3 Nbd7 7. O-O e5 8. e4 c6
9. h3 Qb6 10. c5 dxc5 11. dxe5 Ne8 12. e6 fxe6 13. Ng5 Ne5 14. f4 Nf7 15. Nxf7
Bd4+ 16. Kh2 Rxf7 17. e5 Nc7 18. Ne4 Nd5 19. h4 Qc7 20. h5 Rg7 21. Ng5 gxh5 22.
Qxh5 Qe7 23. Be4 Bd7 24. Qh3 Rf8 25. Kg2 Rxg5 26. fxg5 Rxf1 27. Kxf1 Qf7+ 28.
Ke2 c4 29. Bf4 Bxb2 30. g6 hxg6 31. Rh1 Qg7 32. Bxg6 Nxf4+ 33. gxf4 c5 34. Qh4
Be8 35. Bxe8 Qg2+ 36. Kd1 Qf3+ 37. Kc2 Qe2+ 38. Kb1 Qd3+ 39. Kxb2 Qd4+ 40. Kc2
Qe4+ 41. Kd1 Qb1+ 42. Ke2 Qc2+ 43. Kf3 Qd3+ 44. Kg2 Qe4+ 45. Kh2 Qe2+ 46. Kh3 1-0

[Event "21st European Teams Women"]
[Site "Hersonissos GRE"]
[Date "2017.11.03"]
[Round "6.6"]
[Board "4"]
[White "Gara, Ticia"]
[Black "Gevorgyan, Maria"]
[Result "1/2-1/2"]
[WhiteTitle "WGM"]
[BlackTitle "WIM"]
[WhiteElo "2317"]
[BlackElo "2262"]
[WhiteTeam "Hungary"]
[BlackTeam "Armenia"]
[WhiteFideId "717444"]
[BlackFideId "13300270"]
[EventDate "2017.10.28"]

1. e4 c5 2. Nf3 e6 3. d4 cxd4 4. Nxd4 a6 5. c4 Nf6 6. Nc3 Qc7 7. Be2 Nc6 8. O-O
Bb4 9. Qd3 O-O 10. Nxc6 dxc6 11. Be3 Bxc3 12. bxc3 e5 13. c5 Qa5 14. f3 Be6 15.
Bf2 Nd7 16. Qe3 b6 17. cxb6 c5 18. Rfb1 Rfb8 19. Qd3 Rxb6 20. Rxb6 Qxb6 21. Rb1
Qc6 22. Rb2 Kf8 23. Qb1 Ke8 24. Be3 Kd8 25. Qe1 h6 26. Qg3 g5 27. h4 f6 28. hxg5
hxg5 29. Qh2 Kc7 30. Qh7 Rb8 31. Rd2 Rb1+ 32. Kh2 Ra1 33. c4 Kd8 34. Qg7 Ke8 35.
Rb2 Qd6 36. Rd2 Qf8 37. Qh7 Qf7 38. Qh8+ Qg8 39. Qh5+ Bf7 40. Qh3 Be6 41. Qh5+
Ke7 42. Kg3 Rb1 43. Qh6 Rb4 44. Rxd7+ Kxd7 45. Qxf6 Rb2 46. Bd1 Rxa2 47. Bxc5
Qf7 48. Qxe5 Qf4+ 49. Qxf4 gxf4+ 50. Kxf4 Rxg2 51. Ba4+ Kc7 52. Ke5 Bxc4 53. f4
Re2 54. Kd4 Ba2 55. e5 Bb1 56. Bd6+ Kb7 57. Bd7 Re4+ 58. Kd5 Rxf4 59. e6 Rf1 60.
e7 Bg6 61. e8=Q Bxe8 62. Bxe8 Rd1+ 63. Kc5 Rxd6 64. Kxd6 1/2-1/2

[Event "21st European Teams Women"]
[Site "Hersonissos GRE"]
[Date "2017.11.03"]
[Round "6.7"]
[Board "2"]
[White "Milliet, Sophie"]
[Black "Tsolakidou, Stavroula"]
[Result "1-0"]
[WhiteTitle "IM"]
[BlackTitle "WGM"]
[WhiteElo "2377"]
[BlackElo "2340"]
[WhiteTeam "France"]
[BlackTeam "Greece 1"]
[WhiteFideId "623725"]
[BlackFideId "4264312"]
[EventDate "2017.10.28"]

1. e4 c5 2. Nf3 d6 3. d4 cxd4 4. Nxd4 Nf6 5. Nc3 a6 6. Be2 e5 7. Nf3 h6 8. Nd2
Be6 9. Nc4 Qc7 10. Ne3 Qc5 11. O-O Nbd7 12. a4 Rc8 13. Bd2 Be7 14. Bf3 Bd8 15.
Ncd5 Bxd5 16. exd5 g6 17. Ra3 Ba5 18. c3 Qc7 19. b4 Bb6 20. a5 Bxe3 21. Bxe3 Qc4
22. Re1 Kf8 23. Ra1 Kg7 24. Rc1 h5 25. Rc2 Rhe8 26. g3 h4 27. Bg2 Rh8 28. f4
hxg3 29. hxg3 Rh5 30. Rf1 Qb3 31. fxe5 dxe5 32. g4 Rxc3 33. Rxc3 Qxc3 34. Qf3
Qc4 35. gxh5 1-0

[Event "21st European Teams Women"]
[Site "Hersonissos GRE"]
[Date "2017.11.03"]
[Round "6.7"]
[Board "3"]
[White "Pavlidou, Ekaterini"]
[Black "Skripchenko, Almira"]
[Result "0-1"]
[WhiteTitle "WIM"]
[BlackTitle "IM"]
[WhiteElo "2198"]
[BlackElo "2399"]
[WhiteTeam "Greece 1"]
[BlackTeam "France"]
[WhiteFideId "4213262"]
[BlackFideId "13900145"]
[EventDate "2017.10.28"]

1. d4 e6 2. Nf3 c5 3. e3 Nf6 4. Bd3 d5 5. c3 Nbd7 6. O-O Be7 7. Nbd2 Qc7 8. Re1
O-O 9. e4 dxe4 10. Nxe4 b6 11. Qe2 Bb7 12. Nxf6+ Nxf6 13. Ne5 cxd4 14. cxd4 Qd6
15. Be3 a6 16. a3 b5 17. Rad1 Qd5 18. f3 Rac8 19. Bb1 b4 20. Nd3 bxa3 21. bxa3
Bxa3 22. Nc5 Bxc5 23. dxc5 Qh5 24. Bd4 Qg5 25. Qb2 Bd5 26. Re5 Qf4 27. Be3 Qa4
28. Bc2 Qb5 29. Qc3 Qc4 30. Qd2 Nd7 31. Bd3 Qa4 32. Bc2 Qc4 33. Bd3 Qa4 34. Bc2
Qc6 35. Rh5 g6 36. Bd4 Nf6 37. Bxf6 Qxc5+ 38. Bd4 Qxc2 39. Qxc2 Rxc2 40. Re5
Rfc8 41. Ree1 a5 42. Ra1 Ba2 43. Be3 a4 44. Rec1 Bb3 45. Rxc2 Bxc2 46. Bc1 Bb3
47. Ba3 e5 48. Re1 f6 49. h4 Rc4 50. g3 Rc3 51. Kf2 Bc4 52. Re3 Rc2+ 53. Kg1 Kf7
54. f4 Ke6 55. fxe5 fxe5 56. Bf8 Kd5 57. Bg7 e4 58. g4 Bd3 59. Bf8 Rc8 60. Ba3
Rc3 0-1

[Event "21st European Teams Women"]
[Site "Hersonissos GRE"]
[Date "2017.11.03"]
[Round "6.7"]
[Board "4"]
[White "Collas, Silvia"]
[Black "Avramidou, Anastasia"]
[Result "0-1"]
[WhiteTitle "IM"]
[BlackTitle "FM"]
[WhiteElo "2288"]
[BlackElo "2257"]
[WhiteTeam "France"]
[BlackTeam "Greece 1"]
[WhiteFideId "2902265"]
[BlackFideId "4239873"]
[EventDate "2017.10.28"]

1. d4 Nf6 2. Bf4 e6 3. e3 c5 4. Nf3 Nc6 5. c3 d5 6. Nbd2 Bd6 7. Bg3 Bxg3 8. hxg3
Qd6 9. Bd3 e5 10. dxe5 Nxe5 11. Nxe5 Qxe5 12. Qa4+ Bd7 13. Qf4 Qxf4 14. gxf4 Bc6
15. Nf3 d4 16. cxd4 Bxf3 17. gxf3 cxd4 18. Rc1 O-O 19. Ke2 dxe3 20. fxe3 Rfe8
21. Rc5 g6 22. Rhc1 Re7 23. Re5 Rae8 24. Rxe7 Rxe7 25. Rc5 Kg7 26. a4 b6 27. Rc4
Nd5 28. Be4 Nc7 29. Bc6 Ne6 30. b4 Rc7 31. a5 bxa5 32. bxa5 Kf6 33. Kd3 Ke7 34.
Bd5 Rxc4 35. Kxc4 Kd6 36. f5 gxf5 37. f4 h5 38. Bg2 Nc7 39. Bh3 Nd5 40. Kb5 Nxe3
41. Ka6 Kc7 42. Kxa7 h4 43. Ka6 Kc6 44. Ka7 Kc7 45. Ka6 Ng4 46. Kb5 Nf2 47. Bxf5
h3 48. Bxh3 Nxh3 49. f5 Nf2 50. Kc5 Ne4+ 51. Kd5 Nf6+ 52. Kc5 Ne8 53. Kd5 Kd7
54. Kc5 Kc7 55. Kd5 Kd7 56. Kc5 Ng7 57. f6 Ne8 58. Kb6 Nxf6 59. a6 Nd5+ 60. Kc5
Nc7 61. a7 f6 62. Kc4 Kc6 63. Kd4 Kb7 0-1

[Event "21st European Teams Women"]
[Site "Hersonissos GRE"]
[Date "2017.11.03"]
[Round "6.8"]
[Board "1"]
[White "Georgescu, Lena"]
[Black "Havlikova, Kristyna"]
[Result "1/2-1/2"]
[WhiteTitle "WFM"]
[BlackTitle "WIM"]
[WhiteElo "2130"]
[BlackElo "2272"]
[WhiteTeam "Switzerland"]
[BlackTeam "Czech Republic"]
[WhiteFideId "1331973"]
[BlackFideId "309672"]
[EventDate "2017.10.28"]

1. e4 e5 2. Nf3 Nc6 3. Nc3 Nf6 4. Bb5 d6 5. d4 exd4 6. Qxd4 Bd7 7. Bxc6 Bxc6 8.
Bg5 Be7 9. O-O-O O-O 10. Rhe1 Ng4 11. Bxe7 Qxe7 12. Qd2 Qf6 13. h3 Ne5 14. Nd4
a5 15. Kb1 a4 16. a3 Nc4 17. Qd3 Nb6 18. Nf5 Bd7 19. g4 Bxf5 20. gxf5 g6 21. Rg1
Kh8 22. fxg6 fxg6 23. Rd2 Rae8 24. Nd5 Nxd5 25. exd5 Re5 26. Rg4 Qf3 27. Qxf3
Rxf3 28. Rxa4 b6 29. Rc4 Re7 30. Rh4 Kg7 31. b3 1/2-1/2

[Event "21st European Teams Women"]
[Site "Hersonissos GRE"]
[Date "2017.11.03"]
[Round "6.8"]
[Board "2"]
[White "Olsarova, Karolina"]
[Black "Heinatz, Gundula"]
[Result "1/2-1/2"]
[WhiteTitle "WIM"]
[BlackTitle "WIM"]
[WhiteElo "2293"]
[BlackElo "2174"]
[WhiteTeam "Czech Republic"]
[BlackTeam "Switzerland"]
[WhiteFideId "320242"]
[BlackFideId "4612434"]
[EventDate "2017.10.28"]

1. e4 g6 2. d4 Bg7 3. Nc3 d5 4. Nxd5 c6 5. Ne3 Qxd4 6. Bd3 Nd7 7. c3 Qd6 8. Nc4
Qc7 9. Nf3 Nc5 10. Bc2 Bg4 11. Be3 Nd7 12. h3 Bxf3 13. Qxf3 b5 14. Nd2 Ngf6 15.
a4 O-O 16. O-O a6 17. Ra2 Nb6 18. Rfa1 Nfd7 19. Bf4 Qb7 20. Qe3 Rfc8 21. a5 Nc4
22. Nxc4 bxc4 23. Bd1 Qb5 24. Bg4 e6 25. Bd6 Be5 26. Bxe5 Nxe5 27. Be2 Rd8 28.
b4 Rac8 29. Rd1 Rxd1+ 30. Bxd1 c5 31. Ba4 Qb7 32. Rb2 Nd3 33. Rb1 Qc7 34. Bc2
cxb4 35. cxb4 Qd6 36. Qd2 Qd4 37. Rd1 Rd8 38. Qe3 e5 39. Qxd4 Rxd4 40. Bxd3 cxd3
41. f3 f5 42. Kf2 Kf7 43. b5 axb5 44. Ra1 d2 45. Ke2 d1=Q+ 1/2-1/2

[Event "21st European Teams Women"]
[Site "Hersonissos GRE"]
[Date "2017.11.03"]
[Round "6.8"]
[Board "3"]
[White "De Seroux, Camille"]
[Black "Rodshtein, Tereza"]
[Result "1/2-1/2"]
[WhiteTitle "WFM"]
[BlackTitle "WGM"]
[WhiteElo "2163"]
[BlackElo "2233"]
[WhiteTeam "Switzerland"]
[BlackTeam "Czech Republic"]
[WhiteFideId "1305620"]
[BlackFideId "325449"]
[EventDate "2017.10.28"]

1. e4 e5 2. Nf3 Nc6 3. Nc3 Nf6 4. Bb5 Bb4 5. O-O O-O 6. Bxc6 dxc6 7. d3 Nd7 8.
Ne2 Re8 9. b3 Bf8 10. Bb2 c5 11. Nd2 g6 12. f4 Bg7 13. Nc4 f6 14. Qe1 Nb6 15.
fxe5 Nxc4 16. bxc4 fxe5 17. Qg3 Be6 18. Kh1 Qd6 19. Ng1 Bf7 20. Nf3 Re7 21. Rf2
Rf8 22. Raf1 Be8 23. Ng5 Rxf2 24. Qxf2 b6 25. h3 h6 26. Nf3 Kh7 27. Qg3 Qe6 28.
Rf2 Qd6 29. Bc1 Bf6 30. Nh2 Bd7 31. Ng4 Bxg4 32. Qxg4 Qe6 33. Qg3 Qd6 34. Qg4
Qe6 1/2-1/2